|
|
|
|
| LEADER |
00000nam a22000007a 4500 |
| 005 |
20190801013848.0 |
| 007 |
cr|||| |||| |
| 008 |
190801s2018 br |||||s|||| 00||0 por d |
| 020 |
|
|
|a 978-85-7789-330-0
|
| 035 |
|
|
|a 23849
|
| 040 |
|
|
|a vLex
|
| 090 |
|
|
|c 9092
|d 9092
|
| 100 |
1 |
|
|a Da Luz, Valdemar P.
|
| 245 |
1 |
0 |
|a Manual de Iniciaȯ̂ ̉Advocacia
|h [Recurso electrn̤ico] /
|c Valdemar P. Da Luz
|
| 256 |
|
|
|a Servicio en ln̕ea
|
| 260 |
|
|
|a San Pablo:
|b JH Mizuno,
|c 2018
|
| 300 |
|
|
|a 1 recurso electrn̤ico
|
| 500 |
|
|
|a Obra de grande utilidade para os iniciantes nas lides forenses. Aqui voc ̊encontrar ̀modelos prt̀icos para a propositura de aė̳s na r̀ea judicial e para a correta preparaȯ̂ de documentos relativos aos negc̤ios extrajudiciais em geral, alm̌ de temas extrajudiciais relevantes. Os modelos apresentados facilitam sobremaneira a elaboraȯ̂ das peȧs jurd̕icas, dos contratos e de outros documentos, evitando que o consulente perca seu precioso tempo na consulta a outras obras jurd̕icas. O exame atento do Sumr̀io revela a real dimensô desta obra, com seu amplo elenco de soluė̳s prt̀icas. Trata-se, como se v,̊ de obra indispensv̀el na estante de todo o profissional, advogado ou homem de negc̤ios, haja vista a sua real utilidade, fruto da objetividade do autor no trato das queste̳s jurd̕icas de maior interesse de todos quantos, de uma forma ou de outra, almejam adquirir a prt̀ica do Direito
|
| 506 |
1 |
|
|a Disponible solo en los productos indicados
|d vLex Global
|d vLex Global (Academic Edition, excluding Law Schools)
|d vLex Global (U.S. Academic Edition, Law Schools)
|d vLex Global (U.S. Academic Edition, excluding Law Schools)
|d vLex Global (Academic Edition, Law Schools)
|
| 650 |
0 |
4 |
|a Derecho Pb︢lico y Administrativo
|z Brasil
|
| 740 |
0 |
|
|a vLex Libros (Servicio en ln̕ea)
|
| 856 |
4 |
0 |
|u http://vlex.com/source/manual-de-inicia-o-a-advocacia-23849
|z Acceso restringido
|
| 942 |
|
|
|c BOOK
|
| 999 |
0 |
|
|a Public and Administrative Law
|